Either/Or in 30: TV Actors Quiz Stats

 Plays Quiz Updated Aug 31, 2018

Support Sporcle.
Go Orange.
Score 0/13 Timer 00:30
0 Plays Today
Question Answer Wrong Answers
Magnum, P.I. Tom Selleck
84.4%
Tom Hanks
3.9%
House, M.D. Hugh Laurie
83.9%
Hugh Dancy
4.8%
Grey's Anatomy Patrick Dempsey
83%
Patrick Stewart
5.8%
Dexter Michael C. Hall
82%
Michael J. Fox
6.6%
Columbo Peter Falk
81.1%
Peter Dinklage
7%
The Office (US) John Krasinski
80.6%
John Francis Daley
8%
Walker, Texas Ranger Chuck Norris
80.3%
Chuck Connors
8.3%
The King of Queens Kevin James
79.7%
Kevin Spacey
8.9%
Parks and Recreation Adam Scott
78.7%
Adam West
10%
Boston Legal James Spader
73.7%
James Garner
14%
True Detective Matthew McConaughey
73.2%
Matthew Perry
15%
The Andy Griffith Show Don Knotts
72.4%
Don Johnson
15.3%
NYPD Blue Dennis Franz
68.6%
Denis Leary
19.3%

You're not logged in!

Compare scores with friends on all Sporcle quizzes.
OR
Log In
Forgot?

From the Vault

MLB Top 100 Home Run Hitters (2016)

by steelnation86

Hitters only have 125 milliseconds to gauge the average MLB fastball. These players don't seem to have a problem with it.
Remove Ads.
Support Sporcle.
Get the best of Sporcle when you Go Orange. This ad-free experience offers more features, more stats, and more fun while also helping to support Sporcle. Thank you for becoming a member.

Show Comments

Extras

Top Quizzes Today


Score Distribution

Your Account Isn't Verified!

In order to create a playlist on Sporcle, you need to verify the email address you used during registration. Go to your Sporcle Settings to finish the process.

Report this User

Report this user for behavior that violates our Community Guidelines.

Details: